Metodika tvorby podnikateľských projektov

Príspevok informuje o skúsenostiach autorky s procesom tvorby podnikateľských projektov študentov národohospodárskej fakulty EU v Bratislave, v rámci predmetu Cvičná firma a ponúka vybrané problémy metodiky ich tvorby.

Gespeichert in:
Bibliographische Detailangaben
1. Verfasser: Velichová, Ľudmila
Format: Buchkapitel
Sprache:Slowakisch
Schlagworte:
Tags: Tag hinzufügen
Keine Tags, Fügen Sie das erste Tag hinzu!

MARC

LEADER 00000naa$a2200000$$$4500
001 0111848
005 20240502072235.6
041 0 |a slo 
044 |a SK 
245 1 0 |a Metodika tvorby podnikateľských projektov  |c Ľudmila Velichová 
520 |a Príspevok informuje o skúsenostiach autorky s procesom tvorby podnikateľských projektov študentov národohospodárskej fakulty EU v Bratislave, v rámci predmetu Cvičná firma a ponúka vybrané problémy metodiky ich tvorby. 
610 2 0 |a podnikatelia 
610 2 0 |a projekty 
610 2 0 |a procesy rozhodovacie 
610 2 0 |a študenti 
610 2 0 |a Ekonomická univerzita v Bratislave 
100 1 |a Velichová, Ľudmila